Una estatua egipcia en Barcelona en el siglo XVII / por J. Padró Parcerisa
Descripción Física:
p. 175-202 : il. ; 27 cm
Colección:
Monografías ; 42
Materias:
Art egipci -- Barcelona
MARC
| LEADER | 00000nam a2200000Ia 4500 | ||
|---|---|---|---|
| 001 | 7808 | ||
| 008 | 160829s1973 xx 000 0 cat d | ||
| 080 | |a FU-21-30 | ||
| 100 | |a Padró i Parcerisa, Josep |9 20241 | ||
| 245 | |a Una estatua egipcia en Barcelona en el siglo XVII / por J. Padró Parcerisa | ||
| 260 | |a Barcelona : |b Diputación. Instituto de Prehistoria y Arqueología, |c 1973 | ||
| 300 | |a p. 175-202 : |b il. ; |c 27 cm | ||
| 490 | |a Monografías ; 42 | ||
| 590 | |a Separata d'Ampurias ; 35 | ||
| 650 | |a Art egipci |x Barcelona |9 20242 | ||
| 710 | 2 | |a Instituto de Prehistoria y Arqueología (Barcelona, Catalunya) |9 54255 | |
| 901 | |a Arxiu | ||
| 942 | |n 1 |2 udc | ||
| 952 | |0 0 |1 0 |4 0 |6 FU2130 |7 1 |9 41505 |a Arxiu |b Arxiu |d 2016-12-01 |l 0 |o FU-21-30 |p 7808 |r 2016-12-01 00:00:00 |w 2016-12-01 |y ARXIU | ||
| 999 | |c 43313 |d 43313 | ||